Milyen felemás

Bibliographic Details
Main Author: Pilinszky, János, 1921-1981 (Author)
Format: Article
Language:Hungarian
ISSN:1335-6534
Subjects:

MARC

LEADER 00000nab a2200000 a 4500
001 vtls001518602
003 SK-MaSNL
005 20260304020344.0
008 250115c2005 xo |||||||| 000 b|hun
015 |a SNBRB2005/02  |2 snkbucl 
038 |a SNKBUCL 
040 |a DSZK  |b slo  |c DSZK  |e AACR2 
041 0 |a hun 
044 |a xo  |c SK 
080 |a 821.511.141-1=511.141  |2 UDC-MRF-SK2 
100 1 |a Pilinszky, János,  |d 1921-1981  |4 aut  |9 120010 
245 1 0 |a Milyen felemás  |c Pilinszky János 
655 7 |a maďarská poézia  |2 snkbucl  |9 70602 
773 0 |t Remény  |g Évf. XVI, sz. 7 (2005), o. 9  |x 1335-6534 
850 |a Slovenská národná knižnica 
852 |a Slovenská národná knižnica 
958 |a HU 
958 |a LX 
999 |c 2598310  |d 2600240